Genoma humano /

Guardado en:
Autor Principal: Loiacono Francisco Leandro
Formato: Libro
Publicado: Buenos Aires : , 0
Etiquetas: Agregar Etiqueta
Sin Etiquetas, Sea el primero en etiquetar este registro!
LEADER 00381nam a22001455a 4500
001 CEM.cems010463
005 20060214000000.0
008 130507b######################000#0#####d
003 CEMS
082 0 4 |a F575 
100 1 |a Loiacono Francisco Leandro 
245 1 0 |a Genoma humano / 
260 |a Buenos Aires :  |b , 0 
300 |a 5 p.1 
859 |a CEMS  |b BIB. CEMS - 11 de abril  |h F575  |i 1-4  |p 1700.44  |t Ej.1